| 000 | 00744aam a2200313 4500 | ||
|---|---|---|---|
| 005 | 20251114110758.0 | ||
| 008 | 150721b1992 xxu||||| |||| 00| 0 spa d | ||
| 020 | _a8476157584 | ||
| 041 | _aESP | ||
| 082 | _a512.5 L767a2 | ||
| 100 | _aLipschutz, Seymour | ||
| 245 | _aÁlgebra Lineal | ||
| 250 | _a2 edición | ||
| 260 | _aMéxico | ||
| 260 | _bMcGraw-Hill | ||
| 260 | _c1992 | ||
| 300 | _a553 páginas | ||
| 490 | _aElectrónica | ||
| 650 | _aÁLGEBRA LINEAL | ||
| 650 | _aECUACIONES LINEALES | ||
| 650 | _aVECTORES | ||
| 650 | _aMATRICES CUADRADAS | ||
| 650 | _aESPACIOS VECTORIALES | ||
| 650 | _aAPLICACIONES LINEALES | ||
| 650 | _aMATRICES | ||
| 650 | _aFUNCIONEALES LINEALES | ||
| 942 |
_cBK _2ddc |
||
| 999 |
_c244 _d244 |
||